Lízing právny, účtovný a daňový pohľad na finančný a operatívny prenájom v SR : brožúra je súčasťou aktualizácie príručky, aktuálny stav júl 2011
Enregistré dans:
| Auteur principal: | |
|---|---|
| Format: | Livre |
| Langue: | slovaque |
| Publié: |
Bratislava
Verlag Dashöfer
2011
|
| Sujets: | |
| Tags: |
Pas de tags, Soyez le premier à ajouter un tag!
|
MARC
| LEADER | 00000nam a2200000 4500 | ||
|---|---|---|---|
| 001 | 0144749 | ||
| 005 | 20240502072609.5 | ||
| 022 | |a 1337-4605 | ||
| 041 | 0 | |a slo | |
| 044 | |a SK | ||
| 245 | 1 | 0 | |a Lízing |b právny, účtovný a daňový pohľad na finančný a operatívny prenájom v SR : brožúra je súčasťou aktualizácie príručky, aktuálny stav júl 2011 |c Miroslava Vašeková |
| 264 | 1 | |a Bratislava |b Verlag Dashöfer |c 2011 | |
| 300 | |a 60 s. [3 AH] | ||
| 610 | 2 | 0 | |a lízing |
| 610 | 2 | 0 | |a lízing finančný |
| 610 | 2 | 0 | |a lízing operatívny |
| 610 | 2 | 0 | |a Slovensko |
| 100 | 1 | |a Vašeková, Miroslava, 1978- | |